000 00856nam a2200241Ia 4500
003 OSt
005 20220923223329.0
006 a|||||r|||| 00| 0
007 ta
008 220922b |||||||| |||| 00| 0 hin d
024 _a213,558
037 _cTextual
040 _aARTS
_cARTS
_bhin
041 _2hin
_ahin
082 _aO152,3M80,15:g, N0
100 _aझारी, कृष्ण देव
245 0 _aप्रेमचन्द की उपन्यास - कला का उत्कर्ष गोदान
246 _aPremachanda kī upanyās - kalā kā utkarṣha godāna
260 _aनई दिल्ली
_b नालंदा प्रका0
_c1990
300 _a226 पृ.
_ccm.
942 _hO152,3M80,15:g, N0
_cTEXL
_2CC
999 _c363766
_d363766